Musarañas de domingo / (Record no. 18986)

000 -LEADER
fixed length control field 01307cam a22003254a 4500
001 - CONTROL NUMBER
control field 14089571
003 - CONTROL NUMBER IDENTIFIER
control field OSt
005 - DATE AND TIME OF LATEST TRANSACTION
control field 20170114115012.0
008 - FIXED-LENGTH DATA ELEMENTS--GENERAL INFORMATION
fixed length control field 050811s2004 pr a b 001 0 spa
010 ## - LIBRARY OF CONGRESS CONTROL NUMBER
LC control number 2005465032
Canceled/invalid LC control number 2002031997
020 ## - INTERNATIONAL STANDARD BOOK NUMBER
International Standard Book Number 0847701530
035 ## - SYSTEM CONTROL NUMBER
System control number (PR-SjLB)lrdh0508628810
040 ## - CATALOGING SOURCE
Original cataloging agency DLC
Transcribing agency DLC
Modifying agency DLC
042 ## - AUTHENTICATION CODE
Authentication code pcc
043 ## - GEOGRAPHIC AREA CODE
Geographic area code nwpr---
050 00 - LIBRARY OF CONGRESS CALL NUMBER
Classification number NX528.A1
Item number R63 2004
100 1# - MAIN ENTRY--PERSONAL NAME
Personal name Rodríguez Juliá, Edgardo,
Dates associated with a name 1946-
245 10 - TITLE STATEMENT
Title Musarañas de domingo /
Statement of responsibility, etc. Edgardo Rodríguez Juliá.
260 ## - PUBLICATION, DISTRIBUTION, ETC. (IMPRINT)
Place of publication, distribution, etc. San Juan, Puerto Rico :
Name of publisher, distributor, etc. Editorial de la Universidad de Puerto Rico,
Date of publication, distribution, etc. c2004.
300 ## - PHYSICAL DESCRIPTION
Extent 341 p. :
Other physical details ill. ;
Dimensions 23 cm.
500 ## - GENERAL NOTE
General note Articles originally appeared in El nuevo día between 1988-2004.
504 ## - BIBLIOGRAPHY, ETC. NOTE
Bibliography, etc Includes bibliographical references (p. 331-334) and index.
650 #0 - SUBJECT ADDED ENTRY--TOPICAL TERM
Topical term or geographic name as entry element Arts, Puerto Rican
Chronological subdivision 20th century.
651 #0 - SUBJECT ADDED ENTRY--GEOGRAPHIC NAME
Geographic name Puerto Rico
General subdivision Civilization
Chronological subdivision 20th century.
730 0# - ADDED ENTRY--UNIFORM TITLE
Uniform title Nuevo día (San Juan, P.R.)
906 ## - LOCAL DATA ELEMENT F, LDF (RLIN)
a 7
b cbc
c origres
d 2
e ncip
f 20
g y-gencatlg
942 ## - ADDED ENTRY ELEMENTS (KOHA)
Source of classification or shelving scheme
Koha item type Hard Covered Materials
Classification part NX 528 .A1R63 2004

No items available.

© Machakos University Library, Along The Highway, Machakos Wote Rd, Machakos, Kenya P.O. Box 136 - 90100 Machakos - Kenya

Tel: ( +254 ) 723 805829 OR Fax : 044-20353 OR Email: library@mksu.ac.ke